Fábulas y leyendas / (Record no. 141733)

MARC details
000 -LEADER
campo de control de longitud fija 00841nam a2200217 i 4500
001 - NÚMERO DE CONTROL
campo de control 141733
003 - IDENTIFICADOR DE NÚMERO DE CONTROL
campo de control ES-MaACL
005 - FECHA Y HORA DE LA ÚLTIMA TRANSACCIÓN
campo de control 20250430203733.0
007 - CAMPO FIJO DE DESCRIPCIÓN FÍSICA--INFORMACIÓN GENERAL
campo de control de longitud fija t|
008 - DATOS DE LONGITUD FIJA--INFORMACIÓN GENERAL
campo de control de longitud fija 070927s1973 sp ||||1| spa d
100 1# - ENTRADA PRINCIPAL--NOMBRE DE PERSONA
Nombre de persona Leonardo da Vinci,
Fechas asociadas al nombre 1452-1519
9 (RLIN) 71671
245 10 - MENCIÓN DEL TÍTULO
Título Fábulas y leyendas /
Mención de responsabilidad, etc. Leonardo de Vinci ; interpretadas y transcritas por Bruno Nardini ; traducción de María Teresa León y Rafael Alberti ; con una fábula de Rafael Alberti ; ilustraciones de Adriana Saviozzi Mazza.
260 ## - PUBLICACIÓN, DISTRIBUCIÓN, ETC.
Lugar de publicación, distribución, etc. Barcelona :
Nombre del editor, distribuidor, etc. Nauta,
Fecha de publicación, distribución, etc. [1973]
300 ## - DESCRIPCIÓN FÍSICA
Extensión 119 p. ;
Dimensiones 29 cm.
700 1# - ENTRADA AGREGADA--NOMBRE PERSONAL
Nombre de persona Nardini, Bruno.
9 (RLIN) 84939
700 1# - ENTRADA AGREGADA--NOMBRE PERSONAL
Nombre de persona León, María Teresa,
Fechas asociadas al nombre 1903-1988
9 (RLIN) 71586
700 1# - ENTRADA AGREGADA--NOMBRE PERSONAL
Nombre de persona Alberti, Rafael,
Fechas asociadas al nombre 1902-1999
9 (RLIN) 240174
700 1# - ENTRADA AGREGADA--NOMBRE PERSONAL
Nombre de persona Saviozzi Mazza, Adriana.
9 (RLIN) 104080
852 ## - LOCALIZACIÓN
Ubicación ES-MaACL
Número de control de estantería C-55044
Holdings
Estatus retirado Estado de pérdida Estado de daño No para préstamo Biblioteca de origen Biblioteca actual Ubicación en estantería Fecha de adquisición Fuente de adquisición Total de préstamos Signatura topográfica completa Código de barras Visto por última vez Precio de reemplazo Tipo de ítem Koha
        Biblioteca del Ateneo de Madrid Biblioteca del Ateneo de Madrid Depósito 2 17/01/2008     C-55044 1147476 23/02/2023 23/02/2023 Libro impreso